000 01082nam a22003017a 4500
001 792
005 20260204105048.0
020 _a9780763656928
040 _aDLC
_cDLC
_dDLC
_beng
050 0 0 _aPZ7.M478419
_bSsw 2012
082 0 0 _a[Fic]
_223
100 1 _aMcDonald, Megan.
245 1 0 _aStink and the Midnight Zombie Walk /
_cMcDonald, Megan ; illustrated by Reynolds, Peter H. .
250 _aFirst Scholastic printing, April 2013
260 _aNew York :
_bScholastic,
_c2013.
300 _a144 pages :
_billustrations ;
_c20 cm.
490 0 _aStink ;
_vBook 7
505 _aK
520 _aStink and his friends try to earn money to buy the latest book in the Nightmare on Zombie Street series and go to the book release party.
521 _a510
_bLexile
521 _aK
_bRaz-Plus
650 1 _aZombies
_vFiction.
650 1 _aBooks and reading
_vFiction.
650 1 _aMoneymaking projects
_vFiction.
700 1 _aReynolds, Peter H.
_q(Peter Hamilton),
_d1961-
_eillustrator.
906 _a7
_bcbc
_corignew
_d1
_eecip
_f20
_gy-gencatlg
942 _2ddc
_cBK
_n0
999 _c792
_d792